LDR 01085naa#a2200217#i#450# 001 RU\\bibl\122097 005 20260603093224.3 011 ## _a2588-0209 100 ## _a20260601b2026####ek#y0rusy0150####ca 102 ## _aRU 200 1# _aЭкономическая оценка травостоев при сенокосно-тебеневочном использовании в условиях лиманного орошения Центральной Якутии _eЖурнальная статья 210 1# _aМосква _cЭлектронная наука _d2026 215 ## _a11 с. 608 ## _aЖурнальная статья _2local 675 ## _aСорго. Sorghum vulgare Pers.. 633.174 _aПродуктивность. 631.524.84 _z 700 #1 _aХарлампьев _gДьулустан Иннокентьевич 700 #1 _aИванова _gТатьяна Петровна 700 #1 _aПавлова _gСахаяна Афанасьевна 700 #1 _aПестерева _gЕлена Семеновна 700 #1 _aЗахарова _gГалина Егоровна 856 4# _aqje.su _u